Le Portugal a vol d'oiseau (Record no. 162976)

MARC details
000 -LEADER
campo de control de longitud fija 00798nam a22001935i 4500
001 - NÚMERO DE CONTROL
campo de control 162976
003 - IDENTIFICADOR DE NÚMERO DE CONTROL
campo de control ES-MaACL
005 - FECHA Y HORA DE LA ÚLTIMA TRANSACCIÓN
campo de control 20230906212636.0
008 - DATOS DE LONGITUD FIJA--INFORMACIÓN GENERAL
campo de control de longitud fija 010517s1879 fr |||| | fre d
040 ## - FUENTE DE CATALOGACIÓN
Centro catalogador/agencia de origen CCPB | B
Lengua de catalogación spa
Centro/agencia transcriptor CCPB | B
100 1# - ENTRADA PRINCIPAL--NOMBRE DE PERSONA
Nombre de persona Rattazzi, Marie Laetitia Studolmine.
9 (RLIN) 131619
245 13 - MENCIÓN DEL TÍTULO
Título Le Portugal a vol d'oiseau
Resto del título : portugais et portugaises /
Mención de responsabilidad, etc. Princesse Rattazzi.
260 ## - PUBLICACIÓN, DISTRIBUCIÓN, ETC.
Lugar de publicación, distribución, etc. Paris :
Nombre del editor, distribuidor, etc. A. Degorce-Cadot, éditeur,
Fecha de publicación, distribución, etc. [s.a.] (
Fabricante F. Aureau)
300 ## - DESCRIPCIÓN FÍSICA
Extensión XIX, 415 p. ;
Dimensiones 18 cm.
596 #1 - NOTA AL PIE DE IMPRENTA
NOTA AL PIE DE IMPRENTA Prefacio fechado en "Saint-Sébastien, 1\per\s novembre 1879"
651 04 - PUNTO DE ACCESO ADICIONAL DE MATERIA--NOMBRE GEOGRÁFICO
Nombre geográfico Portugal-
Subdivisión general Descripción.
9 (RLIN) 9251
752 ## - ENTRADA AGREGADA--NOMBRE JERÁRQUICO DEL LUGAR
País o entidad superior Francia -
Ciudad París
852 ## - LOCALIZACIÓN
Ubicación ES-MaACL
Número de control de estantería G-7849
Nota libre -- Enc. pasta española
Encuadernación -- Edic.: En verso de la antep. consta el imp.:( Imprimerie de Lagny : F. Aureau)
Holdings
Estatus retirado Estado de pérdida Estado de daño No para préstamo Biblioteca de origen Biblioteca actual Ubicación en estantería Fecha de adquisición Fuente de adquisición Total de préstamos Signatura topográfica completa Código de barras Visto por última vez Precio de reemplazo Tipo de ítem Koha
        Biblioteca del Ateneo de Madrid Biblioteca del Ateneo de Madrid Sala Pecera Planta 3 17/01/2008     G-7849 1170757 23/02/2023 23/02/2023 Libro impreso